[Event "Wloclawek-ch"]
[Site "Wloclawek"]
[Date "2017.??.??"]
[Round "6"]
[White "Matusiak, Wieslaw"]
[Black "Lyczko, Piotr"]
[Result "1/2-1/2"]
[WhiteElo "1600"]
[BlackElo "1109"]
[PlyCount "57"]
[EventDate "2017.10.??"]
[EventType "swiss"]
[EventRounds "9"]
[EventCountry "POL"]
[SourceTitle "EXT 2021"]
[Source "ChessBase"]
[SourceDate "2020.10.23"]
[SourceVersion "1"]
[SourceVersionDate "2020.10.23"]
[SourceQuality "1"]

1. Nf3 Nf6 2. g3 g6 3. Bg2 Bg7 4. c4 c6 5. 0-0 0-0 6. d3 d5 7. cxd5 Nxd5 8. e4 Nf6 9. Nc3 a5 10. a4 Na6 11. Re1 Nb4 12. d4 Bd7 13. e5 Nfd5 14. Nxd5 cxd5 15. Qb3 b5 16. axb5 Bxb5 17. Bf1 Bxf1 18. Kxf1 e6 19. Bd2 Qb6 20. Ra4 Rfb8 21. Rea1 Bf8 22. Ne1 Nc6 23. Qxb6 Rxb6 24. Bc3 Bb4 25. Nd3 Bxc3 26. bxc3 Rb3 27. R1a3 Rxa3 28. Rxa3 Rb8 29. Nc5 1/2-1/2

[Event "Wloclawek-ch"]
[Site "Wloclawek"]
[Date "2013.??.??"]
[Round "7"]
[White "Rafalski, Kacper"]
[Black "Matusiak, Wieslaw"]
[Result "1-0"]
[WhiteElo "1600"]
[BlackElo "1400"]
[PlyCount "61"]
[EventDate "2013.09.??"]
[EventType "swiss"]
[EventRounds "9"]
[EventCountry "POL"]
[SourceTitle "EXT 2021"]
[Source "ChessBase"]
[SourceDate "2020.10.23"]
[SourceVersion "1"]
[SourceVersionDate "2020.10.23"]
[SourceQuality "1"]

1. e4 c6 2. d4 d5 3. exd5 cxd5 4. Nf3 Nf6 5. Nc3 g6 6. g3 Bg7 7. Bg2 0-0 8. 0-0 Re8 9. Re1 Nbd7 10. Bg5 a6 11. Qd2 b5 12. a3 Bb7 13. Ne5 Qc7 14. Qf4 Nxe5 15. Qxe5 Qxe5 16. dxe5 Nd7 17. Bxd5 Bxd5 18. Nxd5 Ra7 19. Nxe7+ Kf8 20. Nc6 Rc7 21. Rad1 Nxe5 22. Nxe5 Bxe5 23. Bh6+ Bg7 24. Bxg7+ Kxg7 25. Rxe8 Rxc2 26. Rd6 Rxb2 27. Rxa6 Rb3 28. a4 b4 29. Rb6 Rb1+ 30. Kg2 b3 31. Reb8 1-0

[Event "Wloclawek-ch"]
[Site "Wloclawek"]
[Date "2013.??.??"]
[Round "4"]
[White "Wieckowska, Oliwia"]
[Black "Matusiak, Wieslaw"]
[Result "0-1"]
[WhiteElo "1400"]
[BlackElo "1400"]
[PlyCount "134"]
[EventDate "2013.09.??"]
[EventType "swiss"]
[EventRounds "9"]
[EventCountry "POL"]
[SourceTitle "EXT 2021"]
[Source "ChessBase"]
[SourceDate "2020.10.23"]
[SourceVersion "1"]
[SourceVersionDate "2020.10.23"]
[SourceQuality "1"]

1. e4 c6 2. d4 d5 3. exd5 cxd5 4. Nc3 e6 5. Bf4 Nf6 6. Nb5 Na6 7. Nf3 Be7 8. Nc3 Nb8 9. Bb5+ Nbd7 10. 0-0 0-0 11. Bd3 a6 12. Qe2 Bb4 13. Ne5 Bxc3 14. bxc3 h6 15. Ng4 Nh5 16. Bxh6 f5 17. Bxg7 Kxg7 18. Ne5 Qg5 19. Nxd7 Bxd7 20. Qe5+ Rf6 21. Qd6 Rf7 22. Qe5+ Rf6 23. f4 Qh6 24. Be2 Bb5 25. Rae1 Rc8 26. Bxb5 axb5 27. Rb1 Rxc3 28. Rxb5 Kg6 29. Rxb7 Ng7 30. Qb8 Rxc2 31. Qg8 Rc3 32. a4 Qh7 33. Qxh7+ Kxh7 34. a5 Ra3 35. Ra7 Kg6 36. Rf3 Rxf3 37. gxf3 Rf7 38. Rxf7 Kxf7 39. a6 Ne8 40. Kf2 Ke7 41. Kg3 Kd7 42. Kh4 Kc7 43. Kg5 Kb6 44. h4 Kxa6 45. h5 Kb5 46. h6 Kc4 47. h7 Nd6 48. h8Q Nf7+ 49. Kf6 Nxh8 50. Kxe6 Kxd4 51. Kxf5 Nf7 52. Kf6 Nd6 53. Ke6 Ne8 54. f5 Ng7+ 55. Kf6 Nh5+ 56. Kg5 Ke5 57. Kg4 d4 58. f6 Nxf6+ 59. Kg3 d3 60. Kf2 Kd4 61. Ke1 Kc3 62. Kd1 Nd5 63. Kc1 Ne3 64. f4 d2+ 65. Kb1 d1Q+ 66. Ka2 Qb3+ 67. Ka1 Qb2# 0-1